000 00504nam a2200181Ia 4500
999 _c14880
_d14880
003 OSt
005 20201102120636.0
008 190216s9999||||xx |||||||||||||| ||und||
020 _a9788171674916
040 _coclc
082 _a813.3
_bHAW/S
100 _aHawthorne, Nathaniel
_96196
245 4 _aThe Scarlet Letter /
_cNathaniel Hawthorne
260 _bRupa & Co,
_c2016.
_aNew delhi:
300 _a274p
650 _aEnglish
942 _cBK
_2ddc
_h813.3
_iHAW/S
_k813.3
_mHAW/S